Weltgeschichte Von den Anfängen bis zur französischen Revolution
Na minha lista:
| Autor principal: | |
|---|---|
| Outros Autores: | |
| Formato: | Livro |
| Idioma: | alemão |
| Publicado em: |
Zürich
Füssli
1992
|
| Edição: | 8. überarb. Aufl. |
| Colecção: | Weltgeschichte
Band 1 |
| Assuntos: | |
| Tags: |
Sem tags, seja o primeiro a adicionar uma tag!
|
MARC
| LEADER | 00000nam a2200000 4500 | ||
|---|---|---|---|
| 001 | c016764 | ||
| 005 | 20230116070400.0 | ||
| 020 | |a 3-7249-0598-X | ||
| 041 | 0 | |a ger | |
| 044 | |a CH | ||
| 245 | 1 | 0 | |a Weltgeschichte |b Von den Anfängen bis zur französischen Revolution |c Karl Schib, Joseph Boesch |
| 250 | |a 8. überarb. Aufl. | ||
| 264 | 1 | |a Zürich |b Füssli |c 1992 | |
| 300 | |a 350 s. | ||
| 490 | 1 | |a Weltgeschichte |v Band 1 | |
| 830 | 0 | |a Weltgeschichte |v Band 1 | |
| 610 | 2 | 0 | |a dejiny |
| 610 | 2 | 0 | |a svet |
| 610 | 2 | 0 | |a vývoj spoločenský |
| 610 | 2 | 0 | |a kultúra |
| 610 | 2 | 0 | |a umenie |
| 610 | 2 | 0 | |a štát |
| 610 | 2 | 0 | |a reformy |
| 610 | 2 | 0 | |a architektúra |
| 610 | 2 | 0 | |a stavby |
| 610 | 2 | 0 | |a vojny |
| 610 | 2 | 0 | |a smery filozofické |
| 610 | 2 | 0 | |a hospodárstvo svetové |
| 610 | 2 | 0 | |a hospodárstvo vojnové |
| 610 | 2 | 0 | |a porovnanie medzinárodné |
| 610 | 2 | 0 | |a národnosti |
| 610 | 2 | 0 | |a revolúcia |
| 610 | 2 | 0 | |a vláda |
| 610 | 2 | 0 | |a kríza |
| 610 | 2 | 0 | |a vývoj hospodársky |
| 610 | 2 | 0 | |a vývoj systémov |
| 610 | 2 | 0 | |a cirkev |
| 610 | 2 | 0 | |a civilizácia |
| 610 | 2 | 0 | |a Európa |
| 610 | 2 | 0 | |a Ázia |
| 610 | 2 | 0 | |a Amerika |
| 610 | 2 | 0 | |a Afrika |
| 100 | 1 | |a Schib, Karl | |
| 700 | 1 | |a Boesch, Joseph | |